[Event "Frauenbundesliga 2018/2019"]
[Site "St.Veit/Glan Fuchspalast & Blumenhalle; Jenbach Veranstaltungszentrum"]
[Date "2019.01.19"]
[Round "4"]
[Board "2"]
[White "Mayrhuber, Nikola"]
[Black "Saler-Grafenberger, Elisabeth"]
[Result "1-0"]
[WhiteElo "1983"]
[BlackElo "1860"]
[PlyCount "65"]
[EventDate "2018.11.17"]
[EventType "team"]
[EventRounds "7"]
[EventCountry "AUT"]
[WhiteTeam "SK Mayrhofen/Zell/Zillertal"]
[BlackTeam "Spg Steyr"]

1. d4 {[%emt 0:00:00]} Nf6 {[%emt 0:00:00]} 2. c4 c5 3. d5 b5 4. Nf3 g6 5. e4
d6 6. Qc2 b4 7. e5 dxe5 8. Nxe5 Bg7 9. Bd3 O-O 10. O-O Ne8 11. Bf4 Nd6 12. Nd2
Nd7 13. Nc6 Qb6 14. Nxe7+ Kh8 15. Nxc8 Raxc8 16. Nf3 Rce8 17. Rae1 a5 18. h4
Nf6 19. Be5 Qd8 20. g3 Qd7 21. Kg2 Ng4 22. Bxg7+ Kxg7 23. b3 f6 24. h5 Nf7 25.
Rxe8 Rxe8 26. hxg6 Nd6 27. Nh4 Re5 28. gxh7 Rh5 29. Be2 Rxh7 30. Qg6+ Kf8 31.
Bxg4 Qe7 32. Be6 Rg7 33. Qh6  1-0

[Event "Frauenbundesliga 2018/2019"]
[Site "St.Veit/Glan Fuchspalast & Blumenhalle; Jenbach Veranstaltungszentrum"]
[Date "2019.01.19"]
[Round "4"]
[Board "3"]
[White "Hackbarth, Christa"]
[Black "Wu, Min"]
[Result "1-0"]
[WhiteElo "1774"]
[BlackElo "1924"]
[PlyCount "115"]
[EventDate "2018.11.17"]
[EventType "team"]
[EventRounds "7"]
[EventCountry "AUT"]
[WhiteTeam "Spg Steyr"]
[BlackTeam "SK Mayrhofen/Zell/Zillertal"]

1. d4 Nf6 2. Bf4 e6 3. e3 c5 4. c3 d5 5. Nf3 Nc6 6. Nbd2 Bd6 7. Bg3 O-O 8. Bd3
b6 9. Rc1 Bb7 10. e4 Be7 11. O-O Nh5 12. Re1 Rc8 13. Qe2 Nxg3 14. hxg3 cxd4 15.
cxd4 Nb4 16. Bb1 dxe4 17. Nxe4 Bd5 18. a3 Na2 19. Rxc8 Qxc8 20. Qd3 g6 21. Qd2
Qc4 22. Qh6 Bxe4 23. Bxe4 Rc8 24. Ne5 Qxd4 25. Nxg6 hxg6 26. Bxg6 Qg7 27. Bxf7+
Qxf7 28. Rxe6 Bf8 29. Rg6+ Bg7 30. Rxg7+ Qxg7 31. Qe6+ Kh7 32. Qxc8 Qxb2 33.
Qf5+ Kg7 34. Qd7+ Kf6 35. Qxa7 Nc1 36. Qb8 Ke6 37. a4 Kd5 38. a5 b5 39. a6 Ne2+
40. Kh2 Kc4 41. a7 Qb1 42. Qc7+ Kb4 43. Qe7+ Kb3 44. Qxe2 Qh7+ 45. Kg1 Qxa7 46.
Qxb5+ Kc3 47. Qe5+ Kc4 48. g4 Qd7 49. Qe4+ Kc3 50. g3 Qg7 51. Qf5 Kd2 52. g5
Ke2 53. Qe4+ Kd2 54. g6 Qa7 55. Kg2 Qg7 56. Qf5 Ke1 57. Qe6+ Kd1 58. Qf7  1-0

[Event "Frauenbundesliga 2018/2019"]
[Site "St.Veit/Glan Fuchspalast & Blumenhalle; Jenbach Veranstaltungszentrum"]
[Date "2019.01.19"]
[Round "4"]
[Board "4"]
[White "Konecny, Sophie"]
[Black "Bernhard, Julia"]
[Result "1/2-1/2"]
[WhiteElo "1936"]
[BlackElo "1821"]
[PlyCount "83"]
[EventDate "2018.11.17"]
[EventType "team"]
[EventRounds "7"]
[EventCountry "AUT"]
[WhiteTeam "SK Mayrhofen/Zell/Zillertal"]
[BlackTeam "Spg Steyr"]

1. d4 Nf6 2. c4 e5 3. dxe5 Ng4 4. e3 Nxe5 5. Nh3 d6 6. Nf4 Be7 7. Be2 c6 8. Nc3
Ng6 9. O-O Nxf4 10. exf4 O-O 11. Be3 Na6 12. Bd3 f5 13. Rc1 Nc7 14. Qc2 Kh8 15.
Rfd1 Be6 16. Ne2 d5 17. c5 a6 18. Nd4 Qd7 19. Nf3 Bf6 20. Bd4 Rae8 21. Re1 Nb5
22. Bxb5 axb5 23. Ne5 Qc7 24. Re3 Kg8 25. Rce1 Bxe5 26. Rxe5 Qd7 27. R1e3 Bf7
28. h3 Rxe5 29. Rxe5 Bg6 30. Qe2 Re8 31. Kf1 Rxe5 32. Qxe5 Kf8 33. Qb8+ Be8 34.
Be5 g6 35. Ke2 Kf7 36. Kd3 h6 37. h4 Qe7 38. Kd4 Qxh4 39. Qxb7+ Qe7 40. Qa8 Qh4
41. Qa7+ Ke6 42. Ke3  1/2-1/2

[Event "Frauenbundesliga 2018/2019"]
[Site "St.Veit/Glan Fuchspalast & Blumenhalle; Jenbach Veranstaltungszentrum"]
[Date "2019.01.19"]
[Round "4"]
[Board "1"]
[White "Exler, Veronika"]
[Black "Rozman, Monika"]
[Result "1/2-1/2"]
[WhiteElo "2287"]
[BlackElo "2077"]
[PlyCount "110"]
[EventDate "2018.11.17"]
[EventType "team"]
[EventRounds "7"]
[EventCountry "AUT"]
[WhiteTeam "SV Wulkaprodersdorf"]
[BlackTeam "SV Chesshero Rapid Feffernitz"]

1. d4 d5 2. c4 c6 3. Nf3 Nf6 4. g3 Bf5 5. Bg2 e6 6. O-O Nbd7 7. Nc3 Be7 8. Qb3
Qb6 9. c5 Qxb3 10. axb3 O-O 11. b4 a6 12. Bf4 h6 13. Nd2 g5 14. Bc7 Rac8 15.
Ba5 Bh7 16. f4 Ng4 17. Nd1 Bf6 18. Nf3 gxf4 19. gxf4 Bg7 20. Ra3 Kh8 21. Kh1
Bc2 22. Kg1 Be4 23. e3 Rg8 24. Kh1 Bf8 25. Rc3 Be7 26. Rg1 Rg7 27. h3 Ngf6 28.
Nf2 Rxg2 29. Kxg2 Rg8+ 30. Ng4 h5 31. Kf2 hxg4 32. Ng5 Kg7 33. hxg4 Rh8 34. Kg3
Bg6 35. Rcc1 Ne4+ 36. Nxe4 Bxe4 37. g5 f6 38. Bc7 fxg5 39. fxg5 Kg6 40. Bf4 Rh5
41. Kf2 Nf8 42. b5 axb5 43. Ra1 e5 44. Bxe5 Ne6 45. Ra7 Nd8 46. Bf4 Rh3 47. b4
Rh7 48. Ra8 Rf7 49. Rg4 Kf5 50. Kg3 Rg7 51. Rb8 Ke6 52. Kh4 Rh7+ 53. Kg3 Rg7
54. Kh4 Rh7+ 55. Kg3 Rg7  1/2-1/2

[Event "Frauenbundesliga 2018/2019"]
[Site "St.Veit/Glan Fuchspalast & Blumenhalle; Jenbach Veranstaltungszentrum"]
[Date "2019.01.19"]
[Round "4"]
[Board "2"]
[White "Hercog, Nusa"]
[Black "Ragger, Anna-Christina"]
[Result "0-1"]
[WhiteElo "2034"]
[BlackElo "2276"]
[PlyCount "86"]
[EventDate "2018.11.17"]
[EventType "team"]
[EventRounds "7"]
[EventCountry "AUT"]
[WhiteTeam "SV Chesshero Rapid Feffernitz"]
[BlackTeam "SV Wulkaprodersdorf"]

1. d4 d5 2. c4 c6 3. Nf3 Nf6 4. Nc3 dxc4 5. a4 Bf5 6. e3 e6 7. Bxc4 Bb4 8. O-O
Nbd7 9. Qe2 Bg6 10. e4 O-O 11. e5 Nd5 12. Nxd5 cxd5 13. Bd3 Bxd3 14. Qxd3 h6
15. Bd2 Qa5 16. Bxb4 Qxb4 17. b3 a6 18. Rfc1 Rac8 19. Nd2 Nb8 20. f4 Nc6 21.
Nf3 Rc7 22. Kh1 Rfc8 23. Qe3 Na5 24. Rxc7 Rxc7 25. Rc1 Qxb3 26. Qe1 Rxc1 27.
Qxc1 Qc4 28. Qd1 Nb3 29. g4 Qxa4 30. Kg2 Qc4 31. f5 Nc1 32. Kg3 Ne2+ 33. Kf2
Nc3 34. Qe1 Ne4+ 35. Kg2 Qc2+ 36. Kh3 Qc3 37. Qe2 Ng5+ 38. Kg2 Qxf3+ 39. Qxf3
Nxf3 40. Kxf3 g5 41. Ke3 b5 42. fxe6 fxe6 43. Kd3 b4  0-1

[Event "Frauenbundesliga 2018/2019"]
[Site "St.Veit/Glan Fuchspalast & Blumenhalle; Jenbach Veranstaltungszentrum"]
[Date "2019.01.19"]
[Round "4"]
[Board "3"]
[White "Cvitan, Ena"]
[Black "Tscharnuter, Alexandra"]
[Result "1-0"]
[WhiteElo "2203"]
[BlackElo "1746"]
[PlyCount "65"]
[EventDate "2018.11.17"]
[EventType "team"]
[EventRounds "7"]
[EventCountry "AUT"]
[WhiteTeam "SV Wulkaprodersdorf"]
[BlackTeam "SV Chesshero Rapid Feffernitz"]

1. d4 Nf6 2. c4 e6 3. Nc3 Bb4 4. e3 O-O 5. Bd3 d5 6. a3 Bxc3+ 7. bxc3 Nbd7 8.
cxd5 Nxd5 9. e4 N5b6 10. e5 c5 11. Nf3 cxd4 12. cxd4 Nd5 13. O-O f6 14. exf6
N7xf6 15. Re1 Bd7 16. Bg5 Rc8 17. Ne5 Qe7 18. Qb1 Qd6 19. Qxb7 Rc7 20. Qa6 Nb6
21. Rad1 Ba4 22. Rd2 Kh8 23. Bf4 Qxd4 24. Bxh7 Qc5 25. Ng6+ Kxh7 26. Nxf8+ Qxf8
27. Bxc7 Nfd5 28. Bxb6 Nxb6 29. Qd3+ Kg8 30. Qd8 Be8 31. Rxe6 Kf7 32. Rde2 Bb5
33. Re7+  1-0

[Event "Frauenbundesliga 2018/2019"]
[Site "St.Veit/Glan Fuchspalast & Blumenhalle; Jenbach Veranstaltungszentrum"]
[Date "2019.01.19"]
[Round "4"]
[Board "4"]
[White "Sommer, Milena"]
[Black "Moerwald, Magdalena"]
[Result "0-1"]
[WhiteElo "1587"]
[BlackElo "1838"]
[PlyCount "62"]
[EventDate "2018.11.17"]
[EventType "team"]
[EventRounds "7"]
[EventCountry "AUT"]
[WhiteTeam "SV Chesshero Rapid Feffernitz"]
[BlackTeam "SV Wulkaprodersdorf"]

1. e4 c6 2. d4 d5 3. Nc3 dxe4 4. Nxe4 Nd7 5. Nf3 Ngf6 6. Bd3 e6 7. O-O Nxe4 8.
Bxe4 Nf6 9. Bd3 Bd6 10. Bg5 O-O 11. c3 b6 12. Re1 Bb7 13. Ne5 Be7 14. Qf3 Qc7
15. Qg3 Rfe8 16. Re3 Nh5 17. Qh4 Bxg5 18. Qxg5 g6 19. g4 f6 20. Qh6 Qg7 21.
Qxg7+ Nxg7 22. Nc4 Rad8 23. Rae1 Ba6 24. a4 c5 25. Re4 Bb7 26. Rf4 f5 27. h3 g5
28. gxf5 gxf4 29. fxe6 Rxe6 30. Ne5 cxd4 31. cxd4 Rxd4  0-1

[Event "Frauenbundesliga 2018/2019"]
[Site "St.Veit/Glan Fuchspalast & Blumenhalle; Jenbach Veranstaltungszentrum"]
[Date "2019.01.19"]
[Round "4"]
[Board "1"]
[White "Novkovic, Julia"]
[Black "Katter, Katharina"]
[Result "1-0"]
[WhiteElo "2107"]
[BlackElo "1816"]
[PlyCount "111"]
[EventDate "2018.11.17"]
[EventType "team"]
[EventRounds "7"]
[EventCountry "AUT"]
[WhiteTeam "SK Dornbirn"]
[BlackTeam "SK DolomitenBank Lienz"]

1. e4 e6 2. d4 d5 3. Nd2 c5 4. exd5 exd5 5. Ngf3 Nc6 6. Bb5 Qe7+ 7. Qe2 Qxe2+
8. Kxe2 a6 9. Bxc6+ bxc6 10. dxc5 Bxc5 11. Nb3 Bb6 12. Be3 Bxe3 13. Kxe3 Nh6
14. Rhe1 O-O 15. Kd2 Ng4 16. Re2 Nf6 17. Ne5 Ne4+ 18. Ke1 Bb7 19. f3 Nd6 20.
Na5 Rfc8 21. Nd7 Rc7 22. Nc5 Bc8 23. Rd1 Bf5 24. c3 h6 25. Rd4 Kf8 26. Rb4 Nc8
27. g4 Bb1 28. a4 Ba2 29. b3 Bb1 30. Rf4 Kg8 31. Kd2 Nd6 32. Rb4 Nc8 33. Re8+
Kh7 34. Rb7 Rxb7 35. Ncxb7 Nb6 36. Rxa8 Nxa8 37. Nxc6 Nc7 38. Nc5 h5 39. Nb8
hxg4 40. fxg4 f5 41. gxf5 Bxf5 42. Nbxa6 Nxa6 43. Nxa6 Bd7 44. Nc7 Bc6 45. a5
Kg6 46. a6 Kg5 47. a7 Kh4 48. a8=Q Bxa8 49. Nxa8 Kh3 50. b4 Kxh2 51. b5 g5 52.
b6 g4 53. b7 g3 54. b8=Q d4 55. Qh8+ Kg1 56. Qxd4+  1-0

[Event "Frauenbundesliga 2018/2019"]
[Site "St.Veit/Glan Fuchspalast & Blumenhalle; Jenbach Veranstaltungszentrum"]
[Date "2019.01.19"]
[Round "4"]
[Board "2"]
[White "Landl, Margot"]
[Black "Kurapova, Olga"]
[Result "1/2-1/2"]
[WhiteElo "1942"]
[BlackElo "1930"]
[PlyCount "59"]
[EventDate "2018.11.17"]
[EventType "team"]
[EventRounds "7"]
[EventCountry "AUT"]
[WhiteTeam "SK DolomitenBank Lienz"]
[BlackTeam "SK Dornbirn"]

1. e4 c5 2. Nf3 Nc6 3. d4 cxd4 4. Nxd4 d6 5. Nc3 a6 6. Be3 Nf6 7. Be2 g6 8. O-O
Bg7 9. a4 e5 10. Nb3 Be6 11. Qd2 Ng4 12. Bxg4 Bxg4 13. Nd5 f5 14. Bg5 Qb8 15.
f3 Bh5 16. Nb6 Qa7 17. Be3 f4 18. Bf2 Rd8 19. g4 fxg3 20. hxg3 Bxf3 21. Qd5 Bg4
22. Bc5 Rf8 23. Rxf8+ Bxf8 24. Rf1 Bf5 25. Nd7 dxc5 26. Nf6+ Ke7 27. Ng8+ Ke8
28. Nf6+ Ke7 29. Ng8+ Ke8 30. Nf6+  1/2-1/2

[Event "Frauenbundesliga 2018/2019"]
[Site "St.Veit/Glan Fuchspalast & Blumenhalle; Jenbach Veranstaltungszentrum"]
[Date "2019.01.19"]
[Round "4"]
[Board "3"]
[White "Karner, Sylvia"]
[Black "Zechner, Andrea"]
[Result "0-1"]
[WhiteElo "1667"]
[BlackElo "1863"]
[PlyCount "76"]
[EventDate "2018.11.17"]
[EventType "team"]
[EventRounds "7"]
[EventCountry "AUT"]
[WhiteTeam "SK Dornbirn"]
[BlackTeam "SK DolomitenBank Lienz"]

1. d4 d5 2. c4 c6 3. Nc3 Nf6 4. Nf3 e6 5. g3 Nbd7 6. Bg2 Bd6 7. Nd2 O-O 8. O-O
Qe7 9. e4 dxe4 10. Ndxe4 Bc7 11. Qe2 Rb8 12. a3 a6 13. b4 Re8 14. Be3 Nxe4 15.
Nxe4 e5 16. d5 cxd5 17. cxd5 f5 18. d6 Bxd6 19. Nxd6 Qxd6 20. Rfd1 Qf6 21. Qc4+
Kh8 22. Qc7 Ra8 23. Rxd7 Bxd7 24. Qxd7 Rad8 25. Qxb7 f4 26. Bc5 e4 27. Rf1 f3
28. Bh3 Rd3 29. Be3 Rxa3 30. Rc1 Ra1 31. Qc7 Rxc1+ 32. Qxc1 h6 33. Bf1 Rd8 34.
h4 Qd6 35. Bc5 Qd1 36. Qe3 Qb1 37. Qf4 Qxf1+ 38. Kxf1 Rd1#  0-1

[Event "Frauenbundesliga 2018/2019"]
[Site "St.Veit/Glan Fuchspalast & Blumenhalle; Jenbach Veranstaltungszentrum"]
[Date "2019.01.19"]
[Round "4"]
[Board "4"]
[White "Mattersberger, Melanie"]
[Black "Wielander, Magdalena"]
[Result "1-0"]
[WhiteElo "1679"]
[BlackElo "901"]
[PlyCount "111"]
[EventDate "2018.11.17"]
[EventType "team"]
[EventRounds "7"]
[EventCountry "AUT"]
[WhiteTeam "SK DolomitenBank Lienz"]
[BlackTeam "SK Dornbirn"]

1. e4 e5 2. Nf3 Nc6 3. Bb5 a6 4. Bxc6 dxc6 5. O-O Bg4 6. h3 h5 7. d3 Qf6 8.
Nbd2 Ne7 9. b3 Ng6 10. Bb2 O-O-O 11. Re1 Bb4 12. c3 Bd6 13. hxg4 hxg4 14. Nh2
Qh4 15. Qxg4+ Kb8 16. Qxh4 Rxh4 17. Ndf3 Rh5 18. Rad1 Rdh8 19. g3 c5 20. Kg2
R8h7 21. Rh1 f5 22. exf5 Rxf5 23. Ng4 Rxh1 24. Rxh1 c6 25. Re1 Kc7 26. d4 cxd4
27. cxd4 exd4 28. Nxd4 Rd5 29. Ne6+ Kd7 30. Re2 Ne5 31. Nxe5+ Kxe6 32. Nc4+ Kf7
33. Rd2 Rxd2 34. Nxd2 g6 35. Ne4 Ke6 36. Nxd6 Kxd6 37. f4 Ke6 38. Kf3 b5 39.
Ke4 a5 40. g4 a4 41. f5+ gxf5+ 42. gxf5+ Kf7 43. bxa4 bxa4 44. Ke5 c5 45. f6 c4
46. Kd6 a3 47. Bc3 Kf8 48. Ke6 Ke8 49. f7+ Kf8 50. Bb4+ Kg7 51. f8=Q+ Kg6 52.
Qf6+ Kh5 53. Qg7 Kh4 54. Kf5 Kh3 55. Bd6 Kh4 56. Qg4#  1-0

[Event "Frauenbundesliga 2018/2019"]
[Site "St.Veit/Glan Fuchspalast & Blumenhalle; Jenbach Veranstaltungszentrum"]
[Date "2019.01.20"]
[Round "5"]
[Board "1"]
[White "Newrkla, Katharina"]
[Black "Hoolt, Sarah"]
[Result "1/2-1/2"]
[WhiteElo "2190"]
[BlackElo "2324"]
[PlyCount "102"]
[EventDate "2018.11.17"]
[EventType "team"]
[EventRounds "7"]
[EventCountry "AUT"]
[WhiteTeam "SV Wulkaprodersdorf"]
[BlackTeam "ASVOE Pamhagen"]

1. e4 e6 2. d3 c5 3. g3 d5 4. Qe2 Nc6 5. Nf3 Nf6 6. Bg2 Be7 7. O-O O-O 8. e5
Nd7 9. c4 Nb6 10. h4 f5 11. exf6 Bxf6 12. Bg5 Qd6 13. Bxf6 Rxf6 14. Nc3 Bd7 15.
Rae1 a6 16. Ne5 Nd4 17. Qg4 Be8 18. f4 Rd8 19. Rf2 Qc7 20. b3 Bc6 21. Qh3 Nc8
22. Ng4 Rff8 23. h5 b5 24. Ne5 b4 25. Ne2 Nf5 26. g4 Nh6 27. Ng3 Ne7 28. g5
Nhf5 29. Nxf5 Rxf5 30. Bf3 dxc4 31. dxc4 Bxf3 32. Qxf3 Rd4 33. Qe3 Qd6 34. h6
Rf8 35. hxg7 Kxg7 36. Qh3 Nf5 37. Rh2 Rh8 38. Qh5 Qc7 39. Ng6 Rxf4 40. Nxh8
Kxh8 41. Rh3 Qd7 42. Qe2 Qd4+ 43. Kh1 Rh4 44. Qh2 Rxh3 45. Qxh3 Qf2 46. Rg1 Kg7
47. Qh2 Qf3+ 48. Qg2 Qh5+ 49. Qh2 Qf3+ 50. Qg2 Qh5+ 51. Qh2 Qf3+  1/2-1/2

[Event "Frauenbundesliga 2018/2019"]
[Site "St.Veit/Glan Fuchspalast & Blumenhalle; Jenbach Veranstaltungszentrum"]
[Date "2019.01.20"]
[Round "5"]
[Board "2"]
[White "Theissl-Pokorna, Regina"]
[Black "Ragger, Anna-Christina"]
[Result "1/2-1/2"]
[WhiteElo "2304"]
[BlackElo "2276"]
[PlyCount "91"]
[EventDate "2018.11.17"]
[EventType "team"]
[EventRounds "7"]
[EventCountry "AUT"]
[WhiteTeam "ASVOE Pamhagen"]
[BlackTeam "SV Wulkaprodersdorf"]

1. e4 e5 2. Nf3 Nc6 3. Bc4 Nf6 4. d3 Be7 5. O-O O-O 6. c3 d6 7. Bb3 d5 8. exd5
Nxd5 9. Re1 Bg4 10. h3 Bh5 11. g4 Bg6 12. Nxe5 Nxe5 13. Rxe5 c6 14. Qf3 Bd6 15.
Rxd5 cxd5 16. Bxd5 Qe7 17. Be3 Bxd3 18. Nd2 Qe5 19. Nf1 Bxf1 20. Kxf1 Rad8 21.
Bd4 Qg5 22. Be3 Bf4 23. Bxf4 Qxd5 24. Qxd5 Rxd5 25. Be3 a6 26. a4 h6 27. a5 f5
28. Kg2 fxg4 29. hxg4 Rf6 30. Ra4 Rb5 31. b4 Rg6 32. Kf3 Rd5 33. c4 Rd8 34. b5
Rf8+ 35. Kg3 h5 36. g5 Re6 37. bxa6 bxa6 38. c5 Rf5 39. Rc4 Rc6 40. Rb4 Rcxc5
41. Rb8+ Kh7 42. g6+ Kxg6 43. Rb6+ Kh7 44. Bxc5 Rxc5 45. Rxa6 g5 46. Ra8
 1/2-1/2

[Event "Frauenbundesliga 2018/2019"]
[Site "St.Veit/Glan Fuchspalast & Blumenhalle; Jenbach Veranstaltungszentrum"]
[Date "2019.01.20"]
[Round "5"]
[Board "3"]
[White "Cvitan, Ena"]
[Black "Worek, Joanna"]
[Result "0-1"]
[WhiteElo "2203"]
[BlackElo "2308"]
[PlyCount "68"]
[EventDate "2018.11.17"]
[EventType "team"]
[EventRounds "7"]
[EventCountry "AUT"]
[WhiteTeam "SV Wulkaprodersdorf"]
[BlackTeam "ASVOE Pamhagen"]

1. d4 Nf6 2. c4 e6 3. Nc3 Bb4 4. Bd2 d5 5. e3 O-O 6. Nf3 Re8 7. Rc1 a6 8. a3
Bf8 9. Qc2 Nbd7 10. cxd5 exd5 11. Bd3 Bd6 12. O-O Nf8 13. h3 c6 14. Rfe1 Ng6
15. e4 dxe4 16. Nxe4 Nxe4 17. Bxe4 Be6 18. Bg5 Qb6 19. h4 Nf8 20. h5 h6 21. Bd2
Bg4 22. d5 cxd5 23. Bxd5 Bxh5 24. Qc4 Rxe1+ 25. Rxe1 Bc5 26. Be3 Bxe3 27. Rxe3
Qxb2 28. Re7 Qf6 29. Rxb7 Rd8 30. Ra7 Qf5 31. Be4 Rd1+ 32. Kh2 Qf4+ 33. g3 Qf6
34. Rxa6 Bxf3  0-1

[Event "Frauenbundesliga 2018/2019"]
[Site "St.Veit/Glan Fuchspalast & Blumenhalle; Jenbach Veranstaltungszentrum"]
[Date "2019.01.20"]
[Round "5"]
[Board "4"]
[White "Horvath, Maria"]
[Black "Moerwald, Magdalena"]
[Result "1-0"]
[WhiteElo "1975"]
[BlackElo "1838"]
[PlyCount "69"]
[EventDate "2018.11.17"]
[EventType "team"]
[EventRounds "7"]
[EventCountry "AUT"]
[WhiteTeam "ASVOE Pamhagen"]
[BlackTeam "SV Wulkaprodersdorf"]

1. d4 Nf6 2. Nf3 g6 3. c4 c5 4. d5 e6 5. Nc3 exd5 6. cxd5 d6 7. h3 Bg7 8. e4
O-O 9. Bd3 a6 10. a4 Nbd7 11. O-O Ne8 12. Bg5 Ndf6 13. Qd2 Rb8 14. Rfe1 Nc7 15.
Bf1 b5 16. axb5 axb5 17. e5 b4 18. exf6 bxc3 19. bxc3 Bxf6 20. Bxf6 Qxf6 21.
Ng5 Qf5 22. c4 Qd7 23. Qf4 f5 24. Ra3 Rb4 25. Qd2 Qg7 26. Rae3 Rb2 27. Qa5 h6
28. Re7 Qd4 29. Nh7 Qxf2+ 30. Kh1 f4 31. Qc3 Ne8 32. Rxe8 Rxe8 33. Rxe8+ Kf7
34. Rf8+ Ke7 35. Qg7#  1-0

[Event "Frauenbundesliga 2018/2019"]
[Site "St.Veit/Glan Fuchspalast & Blumenhalle; Jenbach Veranstaltungszentrum"]
[Date "2019.01.20"]
[Round "5"]
[Board "1"]
[White "Unuk, Laura"]
[Black "Brunello, Marina"]
[Result "1-0"]
[WhiteElo "2266"]
[BlackElo "2356"]
[PlyCount "73"]
[EventDate "2018.11.17"]
[EventType "team"]
[EventRounds "7"]
[EventCountry "AUT"]
[WhiteTeam "SK Advisory Invest Baden"]
[BlackTeam "Schach ohne Grenzen"]

1. d4 d5 2. c4 c6 3. Nf3 Nf6 4. e3 e6 5. Nc3 Nbd7 6. Qc2 Bd6 7. b3 O-O 8. Be2
e5 9. cxd5 cxd5 10. Nb5 Bb4+ 11. Bd2 Bxd2+ 12. Nxd2 e4 13. Rc1 Nb6 14. O-O Bd7
15. Nd6 Bc6 16. Nf5 Qd7 17. Ng3 Rac8 18. Qc5 Qe6 19. Qa5 Nbd7 20. b4 a6 21. Rc3
Ne8 22. Ndxe4 b6 23. Qxa6 Nc7 24. Ng5 Qh6 25. Qd3 Bb7 26. Qf5 Ne6 27. Rxc8 Bxc8
28. Nh3 Nf6 29. Qe5 Re8 30. Bb5 Rd8 31. Nf5 Qh5 32. Rc1 Bb7 33. Nd6 Ba8 34.
Qxh5 Nxh5 35. Nc8 Bb7 36. Nxb6 Nf6 37. a4  1-0

[Event "Frauenbundesliga 2018/2019"]
[Site "St.Veit/Glan Fuchspalast & Blumenhalle; Jenbach Veranstaltungszentrum"]
[Date "2019.01.20"]
[Round "5"]
[Board "2"]
[White "Stangl, Anita"]
[Black "Hrescak, Ivana"]
[Result "0-1"]
[WhiteElo "2008"]
[BlackElo "2128"]
[PlyCount "108"]
[EventDate "2018.11.17"]
[EventType "team"]
[EventRounds "7"]
[EventCountry "AUT"]
[WhiteTeam "Schach ohne Grenzen"]
[BlackTeam "SK Advisory Invest Baden"]

1. e4 c5 2. Nf3 d6 3. d4 cxd4 4. Nxd4 Nf6 5. Nc3 g6 6. Be3 a6 7. f3 b5 8. a3 e5
9. Nde2 Be6 10. Qd2 h5 11. Bg5 Nbd7 12. g3 Nb6 13. b3 Rc8 14. Bg2 Be7 15. Rd1
Rc6 16. O-O Qc8 17. Rc1 O-O 18. f4 Bh3 19. f5 Bxg2 20. Kxg2 Qd7 21. Rf3 Nh7 22.
Bh6 Rfc8 23. Rcf1 Qe8 24. Be3 f6 25. Bxb6 Rxb6 26. Nd5 Rb7 27. fxg6 Qxg6 28.
Nxe7+ Rxe7 29. Qxd6 Rec7 30. Qd5+ Kg7 31. c3 Qg4 32. h3 Qg6 33. Re3 Ng5 34. h4
Nf7 35. Qe6 Rc6 36. Qf5 Rd8 37. Qxg6+ Kxg6 38. Rf2 Nh6 39. Rff3 Rd2 40. Kf1 Ng4
41. Rd3 Nh2+ 42. Ke1 Nxf3+ 43. Rxf3 Rb2 44. Nc1 Rd6 45. c4 bxc4 46. bxc4 Rc2
47. Nd3 Rxc4 48. Re3 Rdd4 49. Nf2 Rc2 50. Rf3 Ra2 51. Kf1 Rc4 52. g4 hxg4 53.
Rg3 Rc1+ 54. Kg2 Kh5  0-1

[Event "Frauenbundesliga 2018/2019"]
[Site "St.Veit/Glan Fuchspalast & Blumenhalle; Jenbach Veranstaltungszentrum"]
[Date "2019.01.20"]
[Round "5"]
[Board "3"]
[White "Stallinger, Vanessa"]
[Black "Wunderl, Eva"]
[Result "0-1"]
[WhiteElo "1786"]
[BlackElo "1908"]
[PlyCount "86"]
[EventDate "2018.11.17"]
[EventType "team"]
[EventRounds "7"]
[EventCountry "AUT"]
[WhiteTeam "SK Advisory Invest Baden"]
[BlackTeam "Schach ohne Grenzen"]

1. e4 e5 2. Nf3 Nc6 3. Bb5 a6 4. Ba4 Nf6 5. O-O Be7 6. Re1 b5 7. Bb3 d6 8. c3
O-O 9. h3 Na5 10. Bc2 c5 11. d4 Qc7 12. Nbd2 cxd4 13. cxd4 Rd8 14. Nf1 exd4 15.
Nxd4 d5 16. e5 Ne4 17. f3 Ng5 18. Kh1 Ne6 19. Nf5 Bc5 20. b3 Nc6 21. Bb2 d4 22.
Rc1 Bb7 23. N5g3 Bb4 24. Re4 g6 25. f4 Nc5 26. f5 Nxe4 27. Bxe4 Bc3 28. Rc2
Nxe5 29. fxg6 hxg6 30. Qc1 Bxb2 31. Qxb2 Qe7 32. Rd2 Bxe4 33. Nxe4 Nd3 34. Rxd3
Qxe4 35. Qd2 Rac8 36. Ng3 Rc1+ 37. Kh2 Qe1 38. Ne2 Qxd2 39. Rxd2 Re1 40. Kg3 d3
41. Nc3 Rc1 42. Ne4 Rc2 43. Kf3 f5  0-1

[Event "Frauenbundesliga 2018/2019"]
[Site "St.Veit/Glan Fuchspalast & Blumenhalle; Jenbach Veranstaltungszentrum"]
[Date "2019.01.20"]
[Round "5"]
[Board "4"]
[White "Kimpel, Janine"]
[Black "Molnar, Monika"]
[Result "1-0"]
[WhiteElo "1918"]
[BlackElo "1770"]
[PlyCount "72"]
[EventDate "2018.11.17"]
[EventType "team"]
[EventRounds "7"]
[EventCountry "AUT"]
[WhiteTeam "Schach ohne Grenzen"]
[BlackTeam "SK Advisory Invest Baden"]

1. e4 e5 2. Nf3 Nc6 3. Bc4 Bc5 4. c3 Nf6 5. d3 h6 6. Bb3 d6 7. h3 O-O 8. Nbd2
Re8 9. Nf1 d5 10. Qe2 a5 11. a4 b6 12. Ng3 Ba6 13. Bc2 Qd7 14. O-O Rad8 15. Rd1
Kh8 16. Qe1 d4 17. Nh4 Ne7 18. Nhf5 Nxf5 19. Nxf5 Ng8 20. Qe2 Re6 21. Bb3 Rf6
22. Qg4 Rg6 23. Qh5 Kh7 24. Nh4 Rc6 25. Bxf7 dxc3 26. Bg6+ Kh8 27. Bf5 Nf6 28.
Bxd7 Nxh5 29. Bxc6 Rxd3 30. Rxd3 Bxd3 31. bxc3 Ng3 32. Be3 Bxe3 33. fxe3 Ne2+
34. Kh2 Nxc3 35. Ra3 Bxe4 36. Rxc3 g5  1-0

[Event "Frauenbundesliga 2018/2019"]
[Site "St.Veit/Glan Fuchspalast & Blumenhalle; Jenbach Veranstaltungszentrum"]
[Date "2019.01.20"]
[Round "5"]
[Board "1"]
[White "Fuchs, Judith"]
[Black "Landl, Margot"]
[Result "1-0"]
[WhiteElo "2256"]
[BlackElo "1942"]
[PlyCount "83"]
[EventDate "2018.11.17"]
[EventType "team"]
[EventRounds "7"]
[EventCountry "AUT"]
[WhiteTeam "SK Mayrhofen/Zell/Zillertal"]
[BlackTeam "SK DolomitenBank Lienz"]

1. b3 d5 2. e3 c5 3. Bb2 Nf6 4. f4 Bg4 5. Nf3 g6 6. Bb5+ Nc6 7. Bxc6+ bxc6 8.
O-O Bg7 9. Qe1 Bxf3 10. Rxf3 O-O 11. d3 e6 12. Nd2 Rc8 13. Rh3 Ng4 14. Bxg7
Kxg7 15. Rg3 Nf6 16. Nf3 d4 17. exd4 cxd4 18. Qe5 c5 19. Rf1 Qd5 20. Qe1 Qd6
21. Ne5 Nd5 22. Nc4 Qc7 23. Qd2 Nb4 24. Rh3 Rh8 25. f5 exf5 26. a3 Nc6 27. Qh6+
Kg8 28. Rxf5 Qe7 29. Rf1 Ne5 30. Nxe5 Qxe5 31. Rhf3 Rc7 32. Rf6 Qe8 33. a4 Qf8
34. Qg5 Qe8 35. Rd6 h6 36. Qf4 Qe7 37. Qg3 Kg7 38. Re1 Qg5 39. Rxg6+ Kxg6 40.
Qxc7 Qd2 41. Qg3+ Kh7 42. Qf2  1-0